Statistics for Ultimate Game of Thrones name quiz

Click here to take the quiz!

General Stats

  • This quiz has been taken 1,843 times
  • The average score is 59 of 83

Answer Stats

HintAnswer% Correct
StarkArya
99%
TollettEdd
99%
ArrynJon
99%
SnowJon
99%
StarkSansa
99%
StarkRobb
98%
TullyCatelyn
97%
LannisterCersei
97%
StarkEddard
97%
BaratheonRobert
97%
LannisterTywin
97%
StarkRickon
96%
LannisterTyrion
96%
StarkBrandon
95%
GreyjoyTheon
95%
LannisterJaime
94%
BaratheonJoffrey
93%
CleganeSandor
93%
BaratheonStannis
93%
MormontJorah
92%
CleganeGregor
91%
BaelishPetyr
91%
BaratheonRenly
91%
BoltonRoose
90%
FreyWalder
90%
TarthBrienne
89%
SeaworthDavos
89%
TarlySamwell
89%
BaratheonTommen
89%
TargaryenDaenerys
88%
TullyLysa
88%
MartellOberyn
88%
TargaryenViserys
87%
BoltonRamsay
85%
StarkBenjen
84%
TyrellLoras
84%
BaratheonMyrcella
84%
RayderMance
83%
TyrellMargaery
83%
TullyEdmure
81%
LannisterLancel
79%
GreyjoyYara
78%
SelmyBarristan
76%
ReedJojen
76%
ArrynRobin
76%
GreyjoyBalon
73%
NaharisDaario
73%
MormontJeor
71%
RedwyneOlenna
70%
TyrellMace
67%
ReedMeera
67%
LannisterKevan
66%
TrantMeryn
66%
GiantsbaneTormund
66%
SlyntJanos
65%
H'gharJaqen
65%
PaynePodrick
65%
PayneIlyn
63%
DondarrionBeric
62%
TullyHoster
61%
MartellDoran
59%
BlackwaterBronn
54%
ForelSyrio
54%
HalfhandQhorin
53%
BaratheonShireen
53%
KarstarkRickard
52%
TullyBrynden
50%
ThorneAlliser
47%
CasselJory
45%
CasselRodrik
41%
MopatisIllyrio
39%
UmberGreatjon
37%
FlorentSelyse
35%
MaegyrTalisa
34%
LorchAmory
29%
FreyRoslin
27%
BlountBoros
26%
MooreMandon
26%
HollardDontos
23%
SaanSalladhor
23%
SeaworthMatthos
22%
CleftjawDagmer
20%
LannisterAlton
8%

Score Distribution

Percentile by Number Answered

Percent of People with Each Score

Your Score History

You have not taken this quiz